El sentido social de la primera legislación constitucional potosina, 1827-1828 : estudio histórico-jurídico /

Furkejuvvon:
Bibliográfalaš dieđut
Váldodahkki: Mancilla Rivera, Luis (autor)
Materiálatiipa: Girji
Giella:espánnjágiella
Preanttus:2a edición
Fáttát:
Fáddágilkorat: Lasit fáddágilkoriid
Eai fáddágilkorat, Lasit vuosttaš fáddágilkora!

MARC

LEADER 00000nam^a2200000^a^4500
001 000123703
005 20250521000000.0
009 20260310094549.004
037 |a Acervo ITESO - Biblioteca 
041 |a ESP 
082 |a 972. 44042  |b MAN 
100 |a Mancilla Rivera, Luis  |e (autor) 
245 1 3 |a El sentido social de la primera legislación constitucional potosina, 1827-1828 :  |b estudio histórico-jurídico /  |c L. Mancilla Rivera. 
250 |a 2a edición 
264 |a San Luis Potosí, México :  |b editorial no identificada,  |c 1951 
300 |a 22 p. 
336 |a texto  |b txt  |2 rdacontenido 
337 |a sin mediación  |b n  |2 rdamedio 
338 |a volumen  |b nc  |2 rdasoporte 
649 |a XX 
650 |a Constitución, 1826 -  |z San Luis Potosí 
650 |a Constitucionalismo -  |z San Luis Potosí -  |x Historia 
650 |a Constitucionalismo -  |z México -  |x Historia 
650 |a Derecho -  |z San Luis Potosí -  |x Historia 
650 |a Derecho -  |z México -  |x Historia 
650 |a Política -  |z San Luis Potosí -  |x Historia 
650 |a Política -  |z México -  |x Historia 
650 |a San Luis Potosí -  |x Historia -  |y Federalismo, 1824-1835 
650 |a San Luis Potosí -  |x Historia -  |y Federalismo y Centralismo, 1824-1853 
650 |a San Luis Potosí -  |x Historia -  |y Siglo XIX 
650 |a México -  |x Historia -  |y Federalismo, 1824-1835 
650 |a México -  |x Historia -  |y Federalismo y Centralismo, 1824-1853 
650 |a México -  |x Historia -  |y Siglo XIX 
910 |a Fondo Salvador Reynoso Reynoso 
920 |a Impresos - Libros 
930 |a Fondos Especiales 
905 |a 112 
901 |a 0800006860  |b IT2  |c ESP  |u 20250521 
902 |a https://opac.biblio.iteso.mx/vufind/Record/000123703